| 000 | 01115ntaaa2200325 4500 | ||
|---|---|---|---|
| 003 | 01 | ||
| 005 | 20251027202919.0 | ||
| 008 | 0714s1973 ag 01 | ||
| 040 |
_aAR-BaBN _bspa _cAR-BaBN _eaacr _dRIC |
||
| 082 | _a922 P72 | ||
| 100 |
_aPluis, Teresa Appoline _d1922-1986 _922881 |
||
| 245 |
_aEl pastor del corazón bondadoso : _bvida de Roberto F. Elder / _cTeresa Appoline Pluis |
||
| 260 |
_aBuenos Aires : _bJunta Bautista de Publicaciones, _cc1963 |
||
| 300 |
_a75 p. ; _cretrs. ; 18 cm. |
||
| 490 |
_aVidas inspiradoras ; _vno. 4 |
||
| 505 | _tPrefacio | ||
| 505 | _tCap. I. ¿Se contradicen la ciencia y la religión? | ||
| 505 | _tCap. II. El llamamiento de América | ||
| 505 | _tCap. III. En el campo de labor | ||
| 505 | _tCap. IV. En la provincia de Buenos Aires | ||
| 505 | _tCap. V. En la gran capital del sur | ||
| 505 | _tPreguntas para examen | ||
| 600 |
_aElder, Roberto Fraser _b1873-1947 _929624 |
||
| 650 |
_aBIOGRAFIA _91311 |
||
| 650 |
_aMISIONEROS BAUTISTAS _929625 |
||
| 650 | _aMISIONES | ||
| 651 |
_aARGENTINA _920488 |
||
| 651 |
_aTRES ARROYOS _929626 |
||
| 942 | _cBK | ||
| 999 |
_c24389 _d24389 |
||